000 00759nam a2200217Ii 4500
003 JO-AjNU
008 230605s9999||||xx |||||||||||||| ||und||
017 _a1989/1577
020 _a977-133-108-6
040 _aJO-AjNU
_bara
_erda
_cJO-AjNU
041 _aara
050 1 4 _aHG1607.A7.D8322 1989
100 3 _aتأليف: دغيم، احمد علي,
_eauthor
_945839
245 0 0 _aاقتصاديات البنوك مع نظام نقدي واقتصادي عالمي جديد
264 3 1 _aد.م: مكتبة المدبولي، 1989
300 _a245ص
_bيحتوي على ببلوغرافية من 155-245ص
336 _atext
_btxt
_2rdacontent
337 _aunmediated
_bn
_2rdamedia
338 _avolume
_bnc
_2rdacarrier
650 4 _aالبنوك
_945840
999 _aA19899
_c23467
_d23467